Red animals - Statistics

General Stats
  • This quiz has been taken 26 times
  • The average score is 3 of 8
Answer Stats
Picture Answer % Correct
Star fish
95%
Cardinal
73%
Macaw
59%
Lady bird
50%
Poison dart frog
27%
Ibis
23%
Fire bug
0%
Scorpion fish
0%
No matching quizzes found
Score Distribution
Percent of People with Each Score
Percentile by Number Answered
Your Score History
You have not taken this quiz